| 000 | 00678nam a2200229Ii 4500 | ||
|---|---|---|---|
| 003 | JO-AjNU | ||
| 008 | 230605s9999||||xx |||||||||||||| ||und|| | ||
| 017 | _a2011/3337 | ||
| 020 | _a978-9947-863-31-2 | ||
| 040 |
_aJO-AjNU _bara _erda _cJO-AjNU |
||
| 041 | _aara | ||
| 050 | 1 | 4 | _aPN879 2011 |
| 100 | 3 |
_aعتيق، مديحة, _eauthor _946338 |
|
| 245 | 0 | 0 | _aفصول في الأدب المقارن: دراسة |
| 250 | _aط1 | ||
| 264 | 3 | 1 | _aالجزائر: دا ميم للنشر، 2011 |
| 300 | _a200ص | ||
| 336 |
_atext _btxt _2rdacontent |
||
| 337 |
_aunmediated _bn _2rdamedia |
||
| 338 |
_avolume _bnc _2rdacarrier |
||
| 650 | 4 |
_aالادب المقارن _946339 |
|
| 999 |
_aA20150 _c23718 _d23718 |
||